000 00364 a2200109 4500
001 ART_37742
005 20260410162005.0
008 260409a
245 1 0 _aLas cargas probatorias dinámicas en el nuevo Código Civil y Comercial
100 1 _aChristello, Martín A.
773 0 _tTemas de derecho civil
_g- Año 2, Nº 3 (mar. 2016)
_wREV34778
999 _c31619
_d31619